000 00344nam a2200133Ia 4500
008 240624s9999 xx 000 0 und d
041 _aeng
082 _a658.87 GOP
100 _aGOPAL V V
245 _aRETAIL MANAGEMENT PERSPECTIVES AND CASES
260 _c2006
_aHyderabad
_bICFAI press
300 _aix, : 237 : p. : cm. ; 23
365 _c
_b30
999 _c5897
_d5897